Movies by Zendaya - Statistics

General Stats
  • This quiz has been taken 11 times
  • The average score is 11 of 20
Answer Stats
Picture Hint Answer % Correct
2026 Dune: Part Three
100%
2027 Shrek 5
100%
2024 Challengers
83%
2021 Dune
83%
2023 Dune: Part Two
83%
2021 Spider-Man: No Way Home
83%
2026 The Drama
83%
2026 The Odyssey
83%
2026 Spider-Man: Brand New Day
67%
2019 Spider-Man: Far From Home
67%
2017 Spider-Man: Homecoming
67%
2021 Space Jam: A New Legacy
50%
2017 The Greatest Showman
50%
2014 Zapped
33%
2018 Duck Duck Goose
17%
2012 Frenemies
17%
2021 Malcolm & Marie
17%
2012 Shake It Up: Made in Japan
17%
2018 Smallfoot
17%
2013 Super Buddies
17%
No matching quizzes found
Score Distribution
Percent of People with Each Score
Percentile by Number Answered
Your Score History
You have not taken this quiz